Образно-ментальный мир России: от прошлого к будущему (Запись № 9750558)
[ простой вид ]
| 000 -МАРКЕР | |
|---|---|
| контрольное поле | 01979nam0a2200277 i 4500 |
| 001 - ИДЕНТИФИКАТОР ЗАПИСИ | |
| контрольное поле | RU\NLR\BIBL_A\09994225 |
| 005 - ИДЕНТИФИКАТОР ВЕРСИИ | |
| контрольное поле | 20260426063011.0 |
| 035 ## - ДРУГИЕ СИСТЕМНЫЕ НОМЕРА | |
| Идентификатор записи | (NLR Aleph) 009994225 |
| 100 ## - ДАННЫЕ ОБЩЕЙ ОБРАБОТКИ | |
| Данные общей обработки | 20131030d2013 k y0rusy50 ca |
| 101 0# - ЯЗЫК РЕСУРСА | |
| Язык текста, звукозаписи и т.д. | русский |
| 102 ## - СТРАНА ПУБЛИКАЦИИ ИЛИ ПРОИЗВОДСТВА | |
| Страна публикации | Российская Федерация |
| 105 ## - ПОЛЕ КОДИРОВАННЫХ ДАННЫХ: ТЕКСТОВЫЕ МАТЕРИАЛЫ, МОНОГРАФИЧЕСКИЕ | |
| Кодированные данные о монографическом текстовом документе | y ||z|||||| |
| 200 1# - ЗАГЛАВИЕ И СВЕДЕНИЯ ОБ ОТВЕТСТВЕННОСТИ | |
| Основное заглавие | Образно-ментальный мир России: от прошлого к будущему |
| Сведения, относящиеся к заглавию | материалы международной научной очно-заочной конференции (Екатеринбург, 21-22 мая 2013 г.) |
| Первые сведения об ответственности | [отв. ред.: д.филос.н., проф. В.В. Егоров] |
| 210 ## - ПУБЛИКАЦИЯ, РАСПРОСТРАНЕНИЕ И ДР. | |
| Место издания, распространения и т.д. | Екатеринбург |
| Имя издателя, распространителя и т. д. | Изд-во Уральского государственного экономического унверситета |
| Дата издания, распространения и т.д. | 2013 |
| 215 ## - ФИЗИЧЕСКАЯ ХАРАКТЕРИСТИКА | |
| Специфическое обозначение материала и объем | 193 с. |
| Размеры | 20 |
| 300 ## - ОБЩИЕ ПРИМЕЧАНИЯ | |
| Текст примечания | В надзаг.: М-во образования и науки Рос. Федерации, Урал. федер. ун-т им. первого Президента России Б.Н. Ельцина, Урал. отд-ние Рос. акад. наук, Ин-т экономики Урал. отд-ния РАН, Урал. гос. экон. ун-т |
| 606 ## - НАИМЕНОВАНИЕ ТЕМЫ КАК ПРЕДМЕТ | |
| Наименование темы | Русские |
| Формальный подзаголовок | Съезды, совещания и т.п. |
| Тематический подзаголовок | Менталитет |
| -- | Социально-философские вопросы |
| Системный номер авторитетной/нормативной записи | 2137918 |
| Идентификатор авторитетной/нормативной записи | RU\NLR\AUTH\661288935 |
| 686 1# - ИНДЕКСЫ ДРУГИХ КЛАССИФИКАЦИЙ | |
| Индекс | С550.65я431 |
| 686 1# - ИНДЕКСЫ ДРУГИХ КЛАССИФИКАЦИЙ | |
| Индекс | Ю212.21я431 |
| 702 #1 - ИМЯ ЛИЦА - ВТОРИЧНАЯ ОТВЕТСТВЕННОСТЬ | |
| Код отношения | Редактор |
| Материалы, к которым относится поле | rus |
| Графика поля | Кириллица |
| Начальный элемент ввода | Егоров |
| Часть имени, кроме начального элемента ввода | В. В. |
| Дополнения к именам, кроме дат | д-р филос. наук, мемуарист |
| Даты | 1958- |
| Расширение инициалов личного имени | Вадим Владимирович |
| Идентификатор авторитетной/нормативной записи | RU\NLR\AUTH\7725413 |
| Системный номер авторитетной/нормативной записи | 8461 |
| 712 02 - НАИМЕНОВАНИЕ ОРГАНИЗАЦИИ - ВТОРИЧНАЯ ОТВЕТСТВЕННОСТЬ | |
| Код отношения | Прочие |
| Начальный элемент ввода | Уральский федеральный университет им. первого Президента России Б. Н. Ельцина |
| Идентифицирующий признак | Екатеринбург |
| Идентификатор авторитетной/нормативной записи | RU\NLR\AUTH\8810168127 |
| Системный номер авторитетной/нормативной записи | 832088 |
| 942 ## - ДОПОЛНИТЕЛЬНЫЕ ЭЛЕМЕНТЫ ЗАПИСИ (АБИС) | |
| Тип экземпляра АБИС | Книга |
| 980 ## - КОЛЛЕКЦИЯ | |
| Название коллекции | НБР |
Нет доступных экземпляров.